Primera Convención de la Liga de Comunidades Agrarias y Sindicatos Campesinos del Estado de Tamaulipas, 1926 (Registro nro. 75922)

Detalles MARC
000 -LEADER
campo de control de longitud fija 01263aam a2200361 i 4500
001 - NÚMERO DE CONTROL
campo de control MOR01000076239
005 - FECHA Y HORA DE LA ÚLTIMA TRANSACCIÓN
campo de control 20260331135753.0
007 - CAMPO FIJO DE DESCRIPCIÓN FÍSICA--INFORMACIÓN GENERAL
campo de control de longitud fija ta
008 - DATOS DE LONGITUD FIJA--INFORMACIÓN GENERAL
campo de control de longitud fija 861504s1927 dfmac g i 100 0 spa d
035 ## - NÚMERO DE CONTROL DEL SISTEMA
Número de control de sistema 862227
040 ## - FUENTE DE CATALOGACIÓN
Centro catalogador/agencia de origen mxcmmo
Lengua de catalogación spa
Normas de descripción rda
Centro/agencia transcriptor mxcmmo
041 0# - CÓDIGO DE IDIOMA
Código de lengua del texto/banda sonora o título independiente spa
043 ## - CÓDIGO DE ÁREA GEOGRÁFICA
Código de área geográfica n-mx-tm
045 ## - PERIODO DE TIEMPO DEL CONTENIDO
Código de periodo de tiempo x0x2
082 04 - NÚMERO DE LA CLASIFICACIÓN DECIMAL DEWEY
Número de clasificación 307.72
Número de ítem LIG.c.926
Información de edición 1926
111 2# - ENTRADA PRINCIPAL--NOMBRE DE CONGRESO/REUNIÓN
Nombre de congreso/reunión o jurisdicción como elemento de entrada Liga de Comunidades Agrarias y Sindicatos Campesinos (Tamaulipas)
Número [OBSOLETO] Convención
Número del congreso/reunión o número de parte o sección (1 :
Sede del congreso/Lugar de la reunión 1926)
9 (RLIN) 132327
245 10 - MENCIÓN DEL TÍTULO
Título Primera Convención de la Liga de Comunidades Agrarias y Sindicatos Campesinos del Estado de Tamaulipas, 1926
264 #1 - PRODUCCIÓN, PUBLICACIÓN, DISTRIBUCIÓN, FABRICACIÓN Y COPYRIGHT
Producción, publicación, distribución, fabricación y copyright México :
Nombre del de productor, editor, distribuidor, fabricante Cultura,
Fecha de producción, publicación, distribución, fabricación o copyright 1927.
300 ## - DESCRIPCIÓN FÍSICA
Extensión 292 páginas:
Otras características físicas ilustraciones, retratos;
Dimensiones 24 cm
336 ## - TIPO DE CONTENIDO
Término de tipo de contenido texto
Código de tipo de contenido txt
Fuente rdacontent
337 ## - TIPO DE MEDIO
Nombre/término del tipo de medio sin medio
Código del tipo de medio n
Fuente rdamedia
338 ## - TIPO DE SOPORTE
Nombre/término del tipo de soporte volumen
Código del tipo de soporte nc
Fuente rdacarrier
650 #7 - PUNTO DE ACCESO ADICIONAL DE MATERIA--TÉRMINO DE MATERIA
Término de materia o nombre geográfico como elemento de entrada Ejidos
Subdivisión geográfica Tamaulipas
Subdivisión general Congresos
9 (RLIN) 131525
651 #7 - PUNTO DE ACCESO ADICIONAL DE MATERIA--NOMBRE GEOGRÁFICO
Nombre geográfico Tamaulipas
Subdivisión general Condiciones rurales
Subdivisión cronológica Siglo XX
Subdivisión general Congresos
9 (RLIN) 131526
900 ## - ELEMENTOS DE DATOS A LOCAL, LDA (RLIN)
Nombre de persona ALEPH14
Numeración 10
Títulos y otros términos asociados al nombre 20061103
Lenguaje de la obra MOR01
-- 1053
900 ## - ELEMENTOS DE DATOS A LOCAL, LDA (RLIN)
Nombre de persona BATCH-UPD
Numeración 00
Títulos y otros términos asociados al nombre 20120323
Lenguaje de la obra MOR01
-- 1749
900 ## - ELEMENTOS DE DATOS A LOCAL, LDA (RLIN)
Nombre de persona BATCH-UPD
Numeración 10
Títulos y otros términos asociados al nombre 20120321
Lenguaje de la obra MOR01
-- 1713
900 ## - ELEMENTOS DE DATOS A LOCAL, LDA (RLIN)
Nombre de persona BATCH
Numeración 00
Títulos y otros términos asociados al nombre 20120322
Lenguaje de la obra MOR01
-- 1735
900 ## - ELEMENTOS DE DATOS A LOCAL, LDA (RLIN)
Nombre de persona DYNIX
Numeración 00
Títulos y otros términos asociados al nombre 20030304
Lenguaje de la obra MOR01
-- 1723
904 ## - ELEMENTOS DE DATOS D LOCAL, LDD (RLIN)
a UPDATE
942 ## - ELEMENTOS DE ENTRADA SECUNDARIOS (KOHA)
Código de la institución [OBSOLETO] BK
901 ## - ELEMENTOS DE DATOS A LOCAL LDA (RLIN)
a batch batch
Existencias
Estatus retirado Estado de pérdida Fuente del sistema de clasificación o colocación Estado de daño Restricciones de uso No para préstamo Colección Biblioteca de origen Biblioteca actual Ubicación en estantería Fecha de adquisición Número de inventario Total de préstamos Signatura topográfica completa Código de barras Visto por última vez Precio de reemplazo Tipo de ítem Koha
    Clasificación Decimal Dewey   En sala   Libros (General) Biblioteca Instituto Mora Biblioteca Instituto Mora Regular 21/06/1994 026053   (G)/307.72 LIG.c.926 33291000084109 03/09/2024 03/09/2024 Libro préstamo regular